00601nam a2200193Ia 4500008004100000020001400041082001700055100002500072245002900097250000800126260003700134300002900171500001900200600001500219650001500234942000700249952013400256999001700390240925s9999 xx 000 0 und d a136394035 a658.4013 BES aBesterfield, Dale H. 0aTotal Quality Management a2nd aNew York:bPrentice Hallc,1999. axxvii,860p.b0fOriginal aIncludes Index aManagement aManagement cBK 001040708MANaUITUbUITUd2018-12-04eShahid Book Centerg625.00l0o658.4013 BESpQ12059r2024-09-25 07:16:18w2024-09-25yBK c14558d14558